header

Primitive fishes (Record no. 148478)

MARC details
000 -LEADER
fixed length control field 01683nam a2200361Ia 4500
245 00 - TITLE STATEMENT
Title Primitive fishes
260 ## - PUBLICATION, DISTRIBUTION, ETC. (IMPRINT)
Place of publication Amsterdam ;
-- Boston :
Name of publisher Academic Press,
Year of publication c2007.
300 ## - PHYSICAL DESCRIPTION
Number of Pages xiii, 562 p. :
Other physical details ill. (some col.).
490 1# - SERIES STATEMENT
Series statement Fish physiology ;
500 ## - GENERAL NOTE
General note "The primitive fishes that this book focuses on inlcude the jawless agnathans (hagfishes and lampreys), the lobe-finned sarcopterygians (coelacanth and lungfishes), and the primitive ray-finned actinopterygian fishes (the sturgeons, the bichirs and the ropefish, the gars, and the bowfin)"--Pref.
650 #0 - SUBJECT ADDED ENTRY--TOPICAL TERM
Topical Term Fishes
Topical Term Fishes
Topical Term Living fossils.
700 1# - ADDED ENTRY--PERSONAL NAME
Personal name McKenzie, David J.
Personal name Farrell, Anthony Peter,
Personal name Brauner, Colin J.
856 40 - ELECTRONIC LOCATION AND ACCESS
Uniform Resource Identifier http://site.ebrary.com/lib/rucke/Doc?id=10188208

No items available.

© 2026 Rongo University
Contact us: librarian | system librarian | Rongo university